[Event "TUR-chT 2nd League"]
[Site "Konya"]
[Date "2022.08.23"]
[Round "2.14"]
[White "Sahin, Necati"]
[Black "Tezeren, Ahmet Bulent"]
[Result "1-0"]
[WhiteElo "1579"]
[BlackElo "1939"]
[PlyCount "117"]
[EventDate "2022.08.22"]
[EventType "team-swiss"]
[EventRounds "9"]
[EventCountry "TUR"]
[SourceTitle "CBM 210 Extra"]
[Source "ChessBase"]
[SourceDate "2022.11.30"]
[SourceVersion "1"]
[SourceVersionDate "2022.11.30"]
[SourceQuality "1"]
[WhiteTeam "Altin Hamle Corum"]
[BlackTeam "Konya Erkin"]
[WhiteTeamCountry "TUR"]
[BlackTeamCountry "TUR"]

1. d4 Nf6 2. c4 e6 3. Nf3 d5 4. Bg5 Be7 5. Nc3 0-0 6. e3 h6 7. Bh4 c6 8. Rc1 Nbd7 9. Bd3 Re8 10. 0-0 Nh7 11. Bg3 a6 12. cxd5 exd5 13. Nxd5 Bd6 14. Bxd6 cxd5 15. Qc2 Ndf8 16. Qc7 Qxc7 17. Rxc7 f6 18. Rfc1 Ne6 19. Re7 Rxe7 20. Bxe7 Kf7 21. Bd6 Nhf8 22. Nh4 Bd7 23. f4 Rc8 24. Rxc8 Bxc8 25. Nf5 b5 26. Bb4 Bd7 27. Kf2 Bc6 28. Nd6+ Kg8 29. a4 bxa4 30. Bxa6 Nc7 31. Bd3 Nd7 32. Nc8 Bb7 33. Nd6 Ba6 34. Bc2 Nb6 35. Ba5 Nca8 36. b4 axb3 37. Bxb3 Kh7 38. Kf3 g6 39. e4 dxe4+ 40. Kxe4 Bf1 41. g3 Bg2+ 42. Ke3 Nd7 43. Be6 Nab6 44. Ne4 f5 45. Nc5 Bc6 46. Nxd7 Nxd7 47. d5 Ba4 48. Kd4 Kg7 49. Bc7 Kf8 50. Bd6+ Ke8 51. Kc4 h5 52. Kb4 Bd1 53. Kb5 Bc2 54. Kc6 Ba4+ 55. Kc7 Nf6 56. Bc5 Bb3 57. Bd4 Ne4 58. Bd7+ Ke7 59. Bc6 1-0

[Event "TUR-chT2"]
[Site "Konya"]
[Date "2017.07.14"]
[Round "8.14"]
[White "Tezeren, Ahmet Bulent"]
[Black "Eren, Yusuf Kemal"]
[Result "1/2-1/2"]
[WhiteElo "2061"]
[BlackElo "1824"]
[PlyCount "103"]
[EventDate "2017.07.09"]
[EventType "team-swiss"]
[EventRounds "9"]
[EventCountry "TUR"]
[SourceTitle "CBM 179 Extra"]
[Source "ChessBase"]
[SourceDate "2017.08.23"]
[SourceVersion "1"]
[SourceVersionDate "2017.08.23"]
[SourceQuality "1"]
[WhiteTeam "Selcuklu Belediyesi"]
[BlackTeam "Atakum Belediye"]
[WhiteTeamCountry "TUR"]
[BlackTeamCountry "TUR"]

1. e4 c5 2. Nf3 Nc6 3. d4 cxd4 4. Nxd4 Qb6 5. Nb3 Nf6 6. Nc3 e6 7. Be3 Qc7 8. a3 a6 9. Be2 b5 10. 0-0 Be7 11. f4 d6 12. Bf3 Bb7 13. Qd2 0-0 14. Qf2 Nd7 15. Rad1 b4 16. Na4 bxa3 17. bxa3 Rac8 18. Nb6 Nxb6 19. Bxb6 Qb8 20. Rd2 Qa8 21. Re1 Nb8 22. Kh1 Nd7 23. Bd4 e5 24. fxe5 Nxe5 25. Na5 Bg5 26. Rde2 Bd8 27. Nxb7 Qxb7 28. Qg3 Qb5 29. Bg4 Rc4 30. c3 Bb6 31. Rd1 Bxd4 32. cxd4 Nxg4 33. Qxg4 Rxd4 34. Ree1 Qa4 35. Rxd4 Qxd4 36. Rd1 Qc5 37. Qd7 Qxa3 38. Rxd6 Qe3 39. h3 a5 40. Rd4 h5 41. Qa4 Rc8 42. Rd1 Rc5 43. Qe8+ Kh7 44. Qxf7 Qxe4 45. Rf1 Rg5 46. Qa2 a4 47. Rf8 Qe1+ 48. Kh2 Qg3+ 49. Kh1 Qe1+ 50. Kh2 Qg3+ 51. Kh1 Qb3 52. Qe2 1/2-1/2

[Event "TUR-chT2"]
[Site "Konya"]
[Date "2017.07.12"]
[Round "5.4"]
[White "Tezeren, Ahmet Bulent"]
[Black "Uzuner, Tufan Can"]
[Result "0-1"]
[WhiteElo "2061"]
[BlackElo "1994"]
[PlyCount "84"]
[EventDate "2017.07.09"]
[EventType "team-swiss"]
[EventRounds "9"]
[EventCountry "TUR"]
[SourceTitle "CBM 179 Extra"]
[Source "ChessBase"]
[SourceDate "2017.08.23"]
[SourceVersion "1"]
[SourceVersionDate "2017.08.23"]
[SourceQuality "1"]
[WhiteTeam "Selcuklu Belediyesi"]
[BlackTeam "Anadolu Besiktasililar"]
[WhiteTeamCountry "TUR"]
[BlackTeamCountry "TUR"]

1. e4 c6 2. d4 d5 3. exd5 cxd5 4. Bd3 Nc6 5. c3 Qc7 6. Nf3 Bg4 7. 0-0 Nf6 8. Re1 e6 9. Nbd2 Bd6 10. Nf1 0-0 11. Bg5 Rfe8 12. h3 Bh5 13. Bh4 e5 14. dxe5 Nxe5 15. g4 Nxd3 16. Rxe8+ Rxe8 17. Qxd3 Bg6 18. Qb5 a6 19. Qb3 h5 20. Bxf6 gxf6 21. Re1 Rxe1 22. Nxe1 hxg4 23. hxg4 Qe7 24. Ne3 Be4 25. Qd1 Qe5 26. Kf1 Qh2 27. Qd4 Kg7 28. a3 Be5 29. Qc5 Bf4 30. Qd4 Qh3+ 31. Ke2 Bxe3 32. Qxe3 Qxg4+ 33. f3 Qh5 34. Kd2 Bg6 35. Qf4 Qe5 36. Ng2 Qg5 37. Qxg5 fxg5 38. Ne3 Bh5 39. Ke2 Kf6 40. Nxd5+ Ke5 41. Ne3 Kf4 42. Kf2 Bxf3 0-1